00934nam a22002297a 4500999001700000005001700017008004100034017004200075020001800117040002300135082002800158100002600186245009100212250000900303260008800312300003500400504006000435650003600495653004100531942001200572952012000584 c64912d6491220240530110757.0190113s2016 ua cb f b 000 0dara d a2016/23278bمصر. دار الكتب a9789779110196 aEG-CaGPLcEG-CaGPL04221a923.5 /bق/ش أ0 aشكرى القاضى10aاغلى الرجال : bشهداء حرب اكتوبر 1973 /cشكرى القاضى aط.1 aالقاهرة : bالهيئة المصرية العامة للكتاب،c2016. a230 ص. :bايض ؛c24 سم. aيشتمل على ارجاعات ببليوجرافية072qrmakaالرجالxتراجم 0aشهداء اكتوير - تراجم 2ddccBK 00104070aCAIbCAIcCAIRO-LIBRARYd2019-01-13l0o923.5 / ق/ش أp165435r2019-01-13 00:00:00w2019-01-13yBK